Hướng dẫn thực hành kế toán Mỹ
Sách gồm 14 chương, trình bày những vấn đề chung về kế toán, ghi chép các giao dịch, đo lường thu nhập kế toán và các bút toán điều chỉnh, kế toán các yếu tố đầu vào chủ yếu,...
Gorde:
| Egile nagusia: | |
|---|---|
| Formatua: | Liburua |
| Hizkuntza: | Undetermined |
| Argitaratua: |
Hà Nội
Thống kê
2007
|
| Gaiak: | |
| Etiketak: |
Etiketa erantsi
Etiketarik gabe, Izan zaitez lehena erregistro honi etiketa jartzen!
|
| Thư viện lưu trữ: | Trung tâm Học liệu Trường Đại học Cần Thơ |
|---|
| LEADER | 00845nam a2200205Ia 4500 | ||
|---|---|---|---|
| 001 | CTU_150301 | ||
| 008 | 210402s9999 xx 000 0 und d | ||
| 020 | |c 184000 | ||
| 082 | |a 657 | ||
| 082 | |b D513 | ||
| 100 | |a Phan, Đức Dũng | ||
| 245 | 0 | |a Hướng dẫn thực hành kế toán Mỹ | |
| 245 | 0 | |c Phan Đức Dũng | |
| 260 | |a Hà Nội | ||
| 260 | |b Thống kê | ||
| 260 | |c 2007 | ||
| 520 | |a Sách gồm 14 chương, trình bày những vấn đề chung về kế toán, ghi chép các giao dịch, đo lường thu nhập kế toán và các bút toán điều chỉnh, kế toán các yếu tố đầu vào chủ yếu,... | ||
| 650 | |a Accounting,Kế toán | ||
| 904 | |i Trọng Hải | ||
| 980 | |a Trung tâm Học liệu Trường Đại học Cần Thơ | ||